<?xml version="1.0" encoding="UTF-8"?>
<record
    xmlns:xsi="http://www.w3.org/2001/XMLSchema-instance"
    xsi:schemaLocation="http://www.loc.gov/MARC21/slim http://www.loc.gov/standards/marcxml/schema/MARC21slim.xsd"
    xmlns="http://www.loc.gov/MARC21/slim">

  <leader>02579aam a2200373 i 4500</leader>
  <controlfield tag="001">56138</controlfield>
  <controlfield tag="003">CO-MdUADB</controlfield>
  <controlfield tag="005">20260422100705.0</controlfield>
  <controlfield tag="007">ta</controlfield>
  <controlfield tag="008">960313s1989    ck  |||gr||||   0 0 spa d</controlfield>
  <datafield tag="020" ind1=" " ind2=" ">
    <subfield code="a">9586142922</subfield>
    <subfield code="q">ISBN-10</subfield>
  </datafield>
  <datafield tag="020" ind1=" " ind2=" ">
    <subfield code="a">9789586142922</subfield>
    <subfield code="q">ISBN-13</subfield>
  </datafield>
  <datafield tag="035" ind1=" " ind2=" ">
    <subfield code="a">56138</subfield>
  </datafield>
  <datafield tag="035" ind1=" " ind2=" ">
    <subfield code="a">(OCoLC)733967489</subfield>
  </datafield>
  <datafield tag="040" ind1=" " ind2=" ">
    <subfield code="a">CO-MdUADB</subfield>
    <subfield code="b">spa</subfield>
    <subfield code="c">CO-MdUADB</subfield>
    <subfield code="e">rda</subfield>
  </datafield>
  <datafield tag="041" ind1="0" ind2=" ">
    <subfield code="a">spa</subfield>
  </datafield>
  <datafield tag="082" ind1="7" ind2="4">
    <subfield code="a">325</subfield>
  </datafield>
  <datafield tag="082" ind1="7" ind2="4">
    <subfield code="a">304</subfield>
  </datafield>
  <datafield tag="100" ind1="1" ind2=" ">
    <subfield code="a">Castro Caycedo, Germ&#xE1;n,</subfield>
    <subfield code="d">1940-2021</subfield>
    <subfield code="e">aut</subfield>
    <subfield code="9">249260</subfield>
  </datafield>
  <datafield tag="245" ind1="1" ind2="3">
    <subfield code="a">El hueco : </subfield>
    <subfield code="b">la entrada ilegal de colombianos a Estados Unidos por M&#xE9;xico, Bahamas y Hait&#xED; /</subfield>
    <subfield code="c">Germ&#xE1;n Castro Caycedo</subfield>
  </datafield>
  <datafield tag="250" ind1=" " ind2=" ">
    <subfield code="a">8.&#xAA; edici&#xF3;n ;</subfield>
  </datafield>
  <datafield tag="250" ind1=" " ind2=" ">
    <subfield code="a">10&#xAA;. edici&#xF3;n</subfield>
  </datafield>
  <datafield tag="264" ind1=" " ind2="1">
    <subfield code="a">Bogot&#xE1; :</subfield>
    <subfield code="b">Editorial Planeta Colombiana,</subfield>
    <subfield code="c">1990.</subfield>
  </datafield>
  <datafield tag="264" ind1=" " ind2="4">
    <subfield code="c">1989.</subfield>
  </datafield>
  <datafield tag="300" ind1=" " ind2=" ">
    <subfield code="a">342 p&#xE1;ginas</subfield>
  </datafield>
  <datafield tag="490" ind1="1" ind2=" ">
    <subfield code="a">Colecci&#xF3;n Documento</subfield>
  </datafield>
  <datafield tag="505" ind1="0" ind2="0">
    <subfield code="t">Una silla en La Herradura --</subfield>
    <subfield code="t">"Aqu&#xED; no se las tire de paisa porque lo clavan" --</subfield>
    <subfield code="t">El hombre de la calavera --</subfield>
    <subfield code="t">Liliana La Dura --</subfield>
    <subfield code="t">&#xBF;A Colombia? Hombre... &#xA1;Prefiero el Vietnam! --</subfield>
    <subfield code="t">"Quiero matar un amarillo" --</subfield>
    <subfield code="t">El sonido de la guerra --</subfield>
    <subfield code="t">Cita en Tijuana --</subfield>
    <subfield code="t">Broadway es una guayaba madura --</subfield>
    <subfield code="t">El hueco estaba en Santuario --</subfield>
    <subfield code="t">Pap&#xE1; Lindo --</subfield>
    <subfield code="t">Ir a M&#xE9;xico... &#xA1;Es ir a M&#xE9;xico! --</subfield>
    <subfield code="t">Oiga mi coronel... &#xBF;No quiere un pericazo? --</subfield>
    <subfield code="t">Los cirujanos --</subfield>
    <subfield code="t">La frontera de la carne asada --</subfield>
    <subfield code="t">Yo firmo, licenciado. &#xA1;Yo firmo! --</subfield>
    <subfield code="t">El C&#xF3;nsul de La Estrella --</subfield>
    <subfield code="t">El perdedor.</subfield>
  </datafield>
  <datafield tag="520" ind1="3" ind2=" ">
    <subfield code="a">..."Para ninguno de los emigrantes colombianos el &#xE9;xodo ha sido f&#xE1;cil. La mayor&#xED;a trabaja incansablemente para ahorrar d&#xF3;lares y envi&#xE1;rselo a su familia en Cali, en Pereira o en Medell&#xED;n, pero muchos sienten que no podr&#xE1;n volver jam&#xE1;s por simple orgullo : han sido incapaces de alcanzar aquel 'Sue&#xF1;o americano' que los atrajo en busca de la riqueza y desde luego, de la respetabilidad que les niega Colombia. Los m&#xE1;s antiguos llegaron sin problemas porque hasta hace unos a&#xF1;os, cuando la presi&#xF3;n no era tan grande pod&#xED;an obtener f&#xE1;cilmente una visa de turismo y gracias a ella ingresaban y se quedaban. Ahora los controles son minuciosos y pr&#xE1;cticamente la totalidad ha venido por "el hueco", es decir, en forma clandestina a trav&#xE9;s de la frontera con M&#xE9;xico, desde Bahamas en bote o en avi&#xF3;n, e incluso algunos por Hait&#xED;"... (Tomado de la cubierta.)</subfield>
  </datafield>
  <datafield tag="650" ind1=" " ind2=" ">
    <subfield code="a">Estados Unidos</subfield>
    <subfield code="9">4702</subfield>
  </datafield>
  <datafield tag="650" ind1=" " ind2="7">
    <subfield code="a">Emigraci&#xF3;n e inmigraci&#xF3;n</subfield>
    <subfield code="2">lemb</subfield>
    <subfield code="9">9974</subfield>
  </datafield>
  <datafield tag="650" ind1=" " ind2=" ">
    <subfield code="a">Inmigrantes colombianos en Estados Unidos</subfield>
    <subfield code="9">165245</subfield>
  </datafield>
  <datafield tag="830" ind1=" " ind2="0">
    <subfield code="a">Colecci&#xF3;n Documento (Planeta Colombiana Editorial)</subfield>
    <subfield code="9">861699</subfield>
  </datafield>
  <datafield tag="942" ind1=" " ind2=" ">
    <subfield code="c">BOOK</subfield>
    <subfield code="2">ddc</subfield>
  </datafield>
  <datafield tag="999" ind1=" " ind2=" ">
    <subfield code="c">21282</subfield>
    <subfield code="d">21282</subfield>
  </datafield>
  <datafield tag="952" ind1=" " ind2=" ">
    <subfield code="0">0</subfield>
    <subfield code="1">0</subfield>
    <subfield code="4">0</subfield>
    <subfield code="7">0</subfield>
    <subfield code="8">GENERAL</subfield>
    <subfield code="a">B_N</subfield>
    <subfield code="b">B_N</subfield>
    <subfield code="d">2004-10-04</subfield>
    <subfield code="i">C841179</subfield>
    <subfield code="l">0</subfield>
    <subfield code="o">304.6 C355h e2</subfield>
    <subfield code="p">0556307</subfield>
    <subfield code="r">2023-04-20 00:00:00</subfield>
    <subfield code="t">2</subfield>
    <subfield code="w">2023-04-20</subfield>
    <subfield code="y">BOOK</subfield>
  </datafield>
  <datafield tag="952" ind1=" " ind2=" ">
    <subfield code="0">0</subfield>
    <subfield code="1">0</subfield>
    <subfield code="4">0</subfield>
    <subfield code="7">0</subfield>
    <subfield code="8">GEN</subfield>
    <subfield code="a">BC</subfield>
    <subfield code="b">BC</subfield>
    <subfield code="d">1998-11-09</subfield>
    <subfield code="e">Material pagado por otro t&#xED;tulo</subfield>
    <subfield code="g">30000.00</subfield>
    <subfield code="i">C92140</subfield>
    <subfield code="l">4</subfield>
    <subfield code="m">1</subfield>
    <subfield code="o">325.28610973 C355h e2</subfield>
    <subfield code="p">1041271</subfield>
    <subfield code="r">2025-11-29 13:54:18</subfield>
    <subfield code="s">2025-04-08</subfield>
    <subfield code="t">2</subfield>
    <subfield code="w">2023-04-20</subfield>
    <subfield code="y">BOOK</subfield>
  </datafield>
  <datafield tag="952" ind1=" " ind2=" ">
    <subfield code="0">0</subfield>
    <subfield code="1">0</subfield>
    <subfield code="4">0</subfield>
    <subfield code="7">0</subfield>
    <subfield code="8">GENERAL</subfield>
    <subfield code="a">B_N</subfield>
    <subfield code="b">B_N</subfield>
    <subfield code="d">2004-10-04</subfield>
    <subfield code="i">C841177</subfield>
    <subfield code="l">0</subfield>
    <subfield code="o">304.6 C355h</subfield>
    <subfield code="p">0556309</subfield>
    <subfield code="r">2023-04-20 00:00:00</subfield>
    <subfield code="t">3</subfield>
    <subfield code="w">2023-04-20</subfield>
    <subfield code="y">BOOK</subfield>
  </datafield>
  <datafield tag="952" ind1=" " ind2=" ">
    <subfield code="0">0</subfield>
    <subfield code="1">0</subfield>
    <subfield code="4">0</subfield>
    <subfield code="7">0</subfield>
    <subfield code="8">GEN</subfield>
    <subfield code="a">BC</subfield>
    <subfield code="b">BC</subfield>
    <subfield code="d">2009-02-16</subfield>
    <subfield code="e">CIS (Corporacion Interuniversitaria de Servicios)</subfield>
    <subfield code="g">30600.00</subfield>
    <subfield code="i">C1033403</subfield>
    <subfield code="l">1</subfield>
    <subfield code="o">325.28610973 C355 e4</subfield>
    <subfield code="p">0686503</subfield>
    <subfield code="r">2023-08-18 00:00:00</subfield>
    <subfield code="s">2023-07-31</subfield>
    <subfield code="t">4</subfield>
    <subfield code="w">2023-04-20</subfield>
    <subfield code="y">BOOK</subfield>
  </datafield>
  <datafield tag="952" ind1=" " ind2=" ">
    <subfield code="0">0</subfield>
    <subfield code="1">0</subfield>
    <subfield code="2">ddc</subfield>
    <subfield code="4">0</subfield>
    <subfield code="7">0</subfield>
    <subfield code="8">GENERAL</subfield>
    <subfield code="a">CARME</subfield>
    <subfield code="b">CARME</subfield>
    <subfield code="d">2026-04-10</subfield>
    <subfield code="e">Material adquirido por donaci&#xF3;n</subfield>
    <subfield code="f">DONA</subfield>
    <subfield code="g">30000.00</subfield>
    <subfield code="l">0</subfield>
    <subfield code="o">325.28610973 C355h</subfield>
    <subfield code="p">01117036</subfield>
    <subfield code="r">2026-04-10 09:21:00</subfield>
    <subfield code="w">2026-04-10</subfield>
    <subfield code="y">BOOK</subfield>
  </datafield>
</record>
